Świat Józefa Szajny : [publikacja wydana z okazji 50 rocznicy oswobodzenia KL Auschwitz] = The world of Józef Szajna / Państwowe Muzeum Oświecim-Brzezinka. [Red. Krystyna Oleksy]
Record details
- ISBN: 83-85047-41-7
- Physical Description: 105 S. : zahl. Ill.
- Edition: 1. publ.
- Publisher: Kraków : Drukarnia Narodowa, 1995
Content descriptions
| General Note: | Beitr. in engl. und poln. Sprache |
Search for related items by subject
| Subject: | Szajna, Józef 1922-2008 |
Available copies
- 1 of 1 copy available at Common Catalog SPOK.
Holds
- 0 current holds with 1 total copy.
Show Only Available Copies
| Location | Call Number / Copy Notes | Barcode | Shelving Location | Status | Due Date |
|---|---|---|---|---|---|
| Terezin Initiative Institute | 1775 | 4594301775 | Knihovna ITI | Available | - |
| LDR | 01932nam a2200469 i 4500 | ||
|---|---|---|---|
| 001 | 49179 | ||
| 003 | CZ-PrJAB | ||
| 005 | 20221110142744.0 | ||
| 008 | 020501s1995 pl 000 0 eng d | ||
| 020 | . | ‡a83-85047-41-7 | |
| 035 | . | ‡a(DE-601)076921255 | |
| 035 | . | ‡a(OCoLC)37817109 | |
| 035 | . | ‡a(DE-599)GBV076921255 | |
| 040 | . | ‡aGBVCP ‡bger ‡cGBVCP | |
| 041 | 0 | . | ‡aeng ‡apol |
| 100 | 1 | . | ‡aSzajna, Józef ‡4aut |
| 245 | 1 | 0. | ‡aŚwiat Józefa Szajny : ‡b[publikacja wydana z okazji 50 rocznicy oswobodzenia KL Auschwitz] = The world of Józef Szajna / ‡cPaństwowe Muzeum Oświecim-Brzezinka. [Red. Krystyna Oleksy] |
| 246 | 3 | . | ‡aThe world of Józef Szajna |
| 250 | . | ‡a1. publ. | |
| 260 | . | ‡aKraków : ‡bDrukarnia Narodowa, ‡c1995 | |
| 300 | . | ‡a105 S. : ‡bzahl. Ill. | |
| 500 | . | ‡aBeitr. in engl. und poln. Sprache | |
| 600 | 1 | 4. | ‡aSzajna, Józef ‡d1922-2008 |
| 700 | 1 | . | ‡aOleksy, Krystyna ‡4red |
| 710 | 2 | . | ‡aPaństwowe Muzeum Auschwitz-Birkenau ‡4aut |
| 910 | . | ‡aABE340 ‡b1775 | |
| 995 | . | ‡aska | |
| 901 | . | ‡a49179 ‡bAUTOGEN ‡c49179 ‡tbiblio | |